<?xml version="1.0" encoding="UTF-8"?>
<record
    xmlns:xsi="http://www.w3.org/2001/XMLSchema-instance"
    xsi:schemaLocation="http://www.loc.gov/MARC21/slim http://www.loc.gov/standards/marcxml/schema/MARC21slim.xsd"
    xmlns="http://www.loc.gov/MARC21/slim">

  <leader>00451    a2200109   4500</leader>
  <controlfield tag="001">ART_62280</controlfield>
  <controlfield tag="005">20260410161612.0</controlfield>
  <controlfield tag="008">260409a                                 </controlfield>
  <datafield tag="245" ind1="1" ind2="0">
    <subfield code="a">Algunas diferencias y similitudes entre la Norma Unificada Argentina de Contabilidad (NUA) y las Normas Internacionales de Informaci&#xF3;n Financiera (NIIF).</subfield>
  </datafield>
  <datafield tag="100" ind1="1" ind2=" ">
    <subfield code="a">Zgaib, Alfredo O.</subfield>
  </datafield>
  <datafield tag="773" ind1="0" ind2=" ">
    <subfield code="t">Profesional &amp; Empresaria</subfield>
    <subfield code="g">- A&#xF1;o XXVI, N&#xBA; 301 (ene./feb. 2025)</subfield>
    <subfield code="w">REV70</subfield>
  </datafield>
  <datafield tag="999" ind1=" " ind2=" ">
    <subfield code="c">10688</subfield>
    <subfield code="d">10688</subfield>
  </datafield>
</record>
